|
|
|
|
| LEADER |
02318nam a2200493 i 4500 |
| 001 |
EBC1130323 |
| 003 |
MiAaPQ |
| 005 |
20200903223051.0 |
| 006 |
m o d | |
| 007 |
cr cnu|||||||| |
| 008 |
150203t20142014gw ob 001 0 ger d |
| 020 |
|
|
|z 9783110306224
|
| 020 |
|
|
|a 9783110306422 (e-book)
|
| 035 |
|
|
|a (MiAaPQ)EBC1130323
|
| 035 |
|
|
|a (Au-PeEL)EBL1130323
|
| 035 |
|
|
|a (CaPaEBR)ebr11010219
|
| 035 |
|
|
|a (CaONFJC)MIL805086
|
| 035 |
|
|
|a (OCoLC)890089516
|
| 040 |
|
|
|a MiAaPQ
|b eng
|e rda
|e pn
|c MiAaPQ
|d MiAaPQ
|
| 043 |
|
|
|a e-gx---
|
| 050 |
|
4 |
|a HN19.A1
|b .J844 2014
|
| 082 |
0 |
|
|a 016.3052350943
|2 23
|
| 245 |
0 |
0 |
|a Jugendbewegung, antisemitismus und rechtsradikale politik :
|b Vom "Freideutschen Jugendtag" bis zur Gegenwart /
|c herausgegeben von Gideon Botsch und Josef Haverkamp ; Satz, Rainer Ostermann.
|
| 264 |
|
1 |
|a Berlin, Germany ;
|a Boston, Massachusetts :
|b De Gruyter Oldenbourg,
|c 2014.
|
| 264 |
|
4 |
|c 2014
|
| 300 |
|
|
|a 1 online resource (300 pages).
|
| 336 |
|
|
|a text
|2 rdacontent
|
| 337 |
|
|
|a computer
|2 rdamedia
|
| 338 |
|
|
|a online resource
|2 rdacarrier
|
| 490 |
1 |
|
|a Europaisch-judische Studien Beitrage,
|x 2192-9602 ;
|v Band 13
|
| 504 |
|
|
|a Includes bibliographical references and index.
|
| 588 |
|
|
|a Description based on online resource; title from PDF title page (ebrary, viewed February 3, 2015).
|
| 590 |
|
|
|a Electronic reproduction. Ann Arbor, MI : ProQuest, 2016. Available via World Wide Web. Access may be limited to ProQuest affiliated libraries.
|
| 650 |
|
0 |
|a Youth movements
|z Germany
|x History.
|
| 650 |
|
0 |
|a Antisemitism
|z Germany
|x History.
|
| 650 |
|
0 |
|a Youth
|x Political activity
|z Germany
|x History.
|
| 655 |
|
4 |
|a Electronic books.
|
| 700 |
1 |
|
|a Botsch, Gideon,
|e editor.
|
| 700 |
1 |
|
|a Haverkamp, Josef,
|e editor.
|
| 700 |
1 |
|
|a Ostermann, Rainer,
|e contributor.
|
| 776 |
0 |
8 |
|i Print version:
|t Jugendbewegung, antisemitismus und rechtsradikale politik : Vom "Freideutschen Jugendtag" bis zur Gegenwart.
|d Berlin, Germany ; Boston, Massachusetts : De Gruyter Oldenbourg, c2014
|h vi, 294 pages
|k Europaisch-judische Studien. Beitrage ; Band 13.
|z 9783110306224
|
| 797 |
2 |
|
|a ProQuest (Firm)
|
| 830 |
|
0 |
|a Europaisch-judische Studien.
|p Beitrage ;
|v Band 13.
|
| 856 |
4 |
0 |
|u https://ebookcentral.proquest.com/lib/matrademy/detail.action?docID=1130323
|z Click to View
|